000
00215nam a22000857a 4500
008
160715b xxu||||| |||| 00| 0 eng d
100
_9
2873
_a
Om Kidz
245
_a
365 Stories for Girls
260
_a
New Delhi
_b
Om Kidz
_c
2012
999
_c
2446
_d
2446